000 00505cam a22002054a 4500
005 20250605164258.0
008 250528s ||||||||||||||||||||||||d
035 _a21968
020 _a9780273702535
040 _aGR-AtMCL
_bgre
_dGR-AtMCL
_eAACR2
245 1 _aFINANCIAL ACCOUNTING, REPORTING AND ANALYSIS
250 _a2
260 _bPrentice Hall,
_c2006
300 _a695
700 1 _aElliott Barry
_97848
700 1 _aElliott James
_93456
942 _cBK
999 _c7024
_d7024